[Event "SLO-ch 32nd"]
[Site "Radenci"]
[Date "2022.07.08"]
[Round "7"]
[White "Gjuran, Denis"]
[Black "Urh, Zala"]
[Result "1/2-1/2"]
[WhiteElo "2314"]
[BlackElo "2321"]
[PlyCount "60"]
[EventDate "2022.07.03"]
[EventType "swiss"]
[EventRounds "9"]
[EventCountry "SLO"]
[SourceTitle "EXT 2023"]
[Source "ChessBase"]
[SourceDate "2022.10.05"]
[SourceVersion "1"]
[SourceVersionDate "2022.10.05"]
[SourceQuality "1"]

1. e4 c6 2. d4 d5 3. exd5 cxd5 4. Bf4 Nf6 5. c3 Nc6 6. Nd2 Bf5 7. Ngf3 e6 8. Qb3 Qc8 9. Nh4 Be7 10. Nxf5 exf5 11. Be2 0-0 12. 0-0 h6 13. Nf3 Rd8 14. Rae1 g5 15. Bc1 f4 16. Bd3 Bd6 17. Qc2 Kg7 18. Bf5 Qc7 19. g4 Rg8 20. h3 b5 21. Kg2 a5 22. Rh1 Kf8 23. a4 b4 24. Bd2 Qb6 25. Qd3 Qa6 26. Qc2 Ra7 27. Bd3 Qb6 28. Bf5 Qa6 29. Bd3 Qb6 30. Bf5 Qa6 1/2-1/2

[Event "SLO-chT 30th"]
[Site "Gostovanja"]
[Date "2020.10.11"]
[Round "5.1"]
[White "Gjuran, Denis"]
[Black "Trbojevic, Mladen"]
[Result "1-0"]
[WhiteElo "2326"]
[BlackElo "2369"]
[PlyCount "87"]
[EventDate "2020.10.02"]
[EventType "team-tourn"]
[EventRounds "5"]
[EventCountry "SLO"]
[SourceTitle "CBM 198 Extra"]
[Source "ChessBase"]
[SourceDate "2020.11.30"]
[SourceVersion "1"]
[SourceVersionDate "2020.11.30"]
[SourceQuality "1"]
[WhiteTeam "Pomgrad"]
[BlackTeam "Maribor Branik"]
[WhiteTeamCountry "SLO"]
[BlackTeamCountry "SLO"]

1. e4 e5 2. Nf3 Nc6 3. Bc4 Nf6 4. d3 Be7 5. 0-0 0-0 6. Bb3 d6 7. c3 d5 8. Nbd2 dxe4 9. dxe4 Bc5 10. h3 Qe7 11. Nh2 a5 12. a4 Be6 13. Bxe6 Qxe6 14. Re1 Rad8 15. Nhf1 Nd7 16. Qb3 Qf6 17. Nf3 Bb6 18. Bg5 Nc5 19. Bxf6 Nxb3 20. Bxd8 Nxa1 21. Bxc7 Bxc7 22. Rxa1 Rd8 23. Ne3 Bb6 24. Nc4 Bc5 25. Kf1 f6 26. Ke2 Kf7 27. Nfd2 Be7 28. Nb3 b6 29. Rd1 Ke6 30. Rxd8 Bxd8 31. Kd3 Nb8 32. Ne3 Nd7 33. Kc4 g6 34. Kb5 f5 35. f3 fxe4 36. fxe4 Nf6 37. Nd2 Nd7 38. b4 axb4 39. cxb4 Bg5 40. Nec4 Bf4 41. Kc6 h5 42. a5 bxa5 43. bxa5 Bg3 44. Nb6 1-0

[Event "HUN-chT2 Charousek 1819"]
[Site "Hungary"]
[Date "2019.03.10"]
[Round "9.1"]
[White "Srbis, Jurica"]
[Black "Gjuran, Denis"]
[Result "1-0"]
[WhiteElo "2428"]
[BlackElo "2342"]
[PlyCount "67"]
[EventDate "2018.09.23"]
[EventType "team-tourn"]
[EventRounds "11"]
[EventCountry "HUN"]
[SourceTitle "EXT 2021"]
[Source "ChessBase"]
[SourceDate "2020.10.23"]
[SourceVersion "1"]
[SourceVersionDate "2020.10.23"]
[SourceQuality "1"]
[WhiteTeam "Tapolca Varosi"]
[BlackTeam "Szentgotthard Alsoszolnok"]
[WhiteTeamCountry "HUN"]
[BlackTeamCountry "HUN"]

1. d4 d5 2. c4 c6 3. Nf3 Nf6 4. e3 Bg4 5. h3 Bxf3 6. Qxf3 e6 7. Nc3 Nbd7 8. Bd3 Bd6 9. 0-0 0-0 10. b3 Qe7 11. e4 Bb4 12. e5 Bxc3 13. exf6 Qxf6 14. Bxh7+ Kxh7 15. Qxc3 dxc4 16. bxc4 c5 17. Be3 Rac8 18. Rfd1 b6 19. Qa3 Rc7 20. Rab1 Rfc8 21. dxc5 bxc5 22. Qc1 e5 23. Rb3 Nb6 24. Bg5 Qg6 25. Bd8 Rc6 26. Rg3 Qf5 27. Rg5 Qe6 28. Rh5+ Kg8 29. Qg5 Rd6 30. Qh4 Rxd1+ 31. Kh2 f5 32. Rh8+ Kf7 33. Qh5+ Qg6 34. Qxd1 1-0

[Event "SLO-chT 28th"]
[Site "Slovenia"]
[Date "2018.11.04"]
[Round "3.2"]
[White "Diermair, Andreas"]
[Black "Gjuran, Denis"]
[Result "1-0"]
[WhiteElo "2478"]
[BlackElo "2326"]
[PlyCount "81"]
[EventDate "2018.11.02"]
[EventType "team-tourn"]
[EventRounds "9"]
[EventCountry "SLO"]
[SourceTitle "CBM 187 Extra"]
[Source "ChessBase"]
[SourceDate "2018.11.04"]
[SourceVersion "1"]
[SourceVersionDate "2018.11.04"]
[SourceQuality "1"]
[WhiteTeam "Ljubljana"]
[BlackTeam "Pomgrad Radenska"]
[WhiteTeamCountry "SLO"]
[BlackTeamCountry "SLO"]

1. c4 c6 2. Nf3 d5 3. e3 Nf6 4. Nc3 e6 5. b3 Nbd7 6. Bb2 Bd6 7. Qc2 Qe7 8. Be2 a6 9. d4 0-0 10. 0-0 dxc4 11. bxc4 c5 12. a4 a5 13. Nb5 b6 14. Rfd1 Bb8 15. Ng5 h6 16. Bf3 Ra6 17. Ne4 Ne8 18. Ng3 Nd6 19. Qb3 Nxb5 20. Qxb5 Ra7 21. Ba3 Ba6 22. Qb3 Rc8 23. Rac1 Bd6 24. Ne4 Bb8 25. g3 f5 26. Nc3 Bd6 27. d5 e5 28. e4 g6 29. Re1 Rf8 30. Nb5 Nf6 31. Nxa7 Qxa7 32. Rb1 Rb8 33. exf5 gxf5 34. Bb2 Qc7 35. Qc2 Bc8 36. Qe2 Nd7 37. Bg2 Bf8 38. Qh5 Bg7 39. Qxf5 Nf8 40. Qh5 Nd7 41. Qe8+ 1-0

[Event "HUN-chT2 Charousek 1718"]
[Site "Hungary"]
[Date "2018.05.06"]
[Round "9.2"]
[White "Mokcsay, Robert"]
[Black "Gjuran, Denis"]
[Result "1/2-1/2"]
[WhiteElo "2228"]
[BlackElo "2324"]
[PlyCount "46"]
[EventDate "2017.10.29"]
[EventType "team-tourn"]
[EventRounds "9"]
[EventCountry "HUN"]
[SourceTitle "EXT 2020"]
[Source "ChessBase"]
[SourceDate "2019.10.17"]
[SourceVersion "1"]
[SourceVersionDate "2019.10.17"]
[SourceQuality "1"]
[WhiteTeam "Penzugyor"]
[BlackTeam "Szentgotthard Alsoszolnok"]
[WhiteTeamCountry "HUN"]
[BlackTeamCountry "HUN"]

1. c4 e6 2. Nc3 d5 3. e3 Nf6 4. Nf3 Be7 5. d4 0-0 6. Be2 b6 7. 0-0 Bb7 8. b3 c5 9. Bb2 Nbd7 10. cxd5 Nxd5 11. Nxd5 Bxd5 12. dxc5 Nxc5 13. Nd4 Rc8 14. Rc1 Ne4 15. Qd3 Rxc1 16. Rxc1 Bd6 17. Bf3 Bxh2+ 18. Kxh2 Qh4+ 19. Kg1 Qxf2+ 20. Kh2 Qg3+ 21. Kg1 Qf2+ 22. Kh2 Qh4+ 23. Kg1 Qf2+ 1/2-1/2

[Event "HUN-chT2 Charousek 1718"]
[Site "Hungary"]
[Date "2018.03.04"]
[Round "7.3"]
[White "Gjuran, Denis"]
[Black "Zentai, Peter1111"]
[Result "1-0"]
[WhiteElo "2314"]
[BlackElo "2333"]
[PlyCount "50"]
[EventDate "2017.10.29"]
[EventType "team-tourn"]
[EventRounds "9"]
[EventCountry "HUN"]
[SourceTitle "EXT 2020"]
[Source "ChessBase"]
[SourceDate "2019.10.17"]
[SourceVersion "1"]
[SourceVersionDate "2019.10.17"]
[SourceQuality "1"]
[WhiteTeam "Szentgotthard Alsoszolnok"]
[BlackTeam "Balatonfuered"]
[WhiteTeamCountry "HUN"]
[BlackTeamCountry "HUN"]

1. e4 e6 2. f4 d5 3. e5 c5 4. Nf3 Nc6 5. c3 Nh6 6. Na3 Nf5 7. Nc2 h5 8. g3 Be7 9. d4 b6 10. Bd3 g6 11. 0-0 Bb7 12. Bd2 Qc8 13. Be1 Ba6 14. Bf2 Na5 15. h3 Bxd3 16. Qxd3 Qc6 17. Kg2 Nc4 18. Rab1 Rc8 19. g4 Nh6 20. Kg3 Kd7 21. Rfd1 Kc7 22. b3 Na5 23. dxc5 bxc5 24. b4 Nb7 25. bxc5 Nxc5 1-0

[Event "HUN-chT2 Charousek 1718"]
[Site "Hungary"]
[Date "2017.10.29"]
[Round "1.4"]
[White "Gjuran, Denis"]
[Black "Markoja, Boris"]
[Result "1/2-1/2"]
[WhiteElo "2333"]
[BlackElo "2439"]
[PlyCount "45"]
[EventDate "2017.10.29"]
[EventType "team-tourn"]
[EventRounds "9"]
[EventCountry "HUN"]
[SourceTitle "EXT 2020"]
[Source "ChessBase"]
[SourceDate "2019.10.17"]
[SourceVersion "1"]
[SourceVersionDate "2019.10.17"]
[SourceQuality "1"]
[WhiteTeam "Szentgotthard Alsoszolnok"]
[BlackTeam "Aquaprofit Nagykanizsa II"]
[WhiteTeamCountry "HUN"]
[BlackTeamCountry "HUN"]

1. e4 e5 2. Nf3 Nc6 3. Bc4 Nf6 4. d3 h6 5. Bb3 d6 6. c3 g5 7. Nbd2 Bg7 8. Nf1 d5 9. Ng3 Be6 10. h4 g4 11. Nh2 h5 12. Bg5 Qd7 13. Nhf1 d4 14. Bxe6 fxe6 15. c4 Qf7 16. f3 gxf3 17. Qxf3 Nb4 18. Kd2 a5 19. Nh2 Qg6 20. Raf1 Nd7 21. a3 Nc6 22. Kc2 Nd8 23. Ne2 1/2-1/2

[Event "SLO-chT"]
[Site "Slovenia"]
[Date "2016.11.13"]
[Round "6.1"]
[White "Gjuran, Denis"]
[Black "Praznik, Niko"]
[Result "0-1"]
[WhiteElo "2361"]
[BlackElo "2404"]
[PlyCount "60"]
[EventDate "2016.10.14"]
[EventType "team-tourn"]
[EventRounds "9"]
[EventCountry "SLO"]
[SourceTitle "CBM 175 Extra"]
[Source "ChessBase"]
[SourceDate "2016.12.12"]
[SourceVersion "1"]
[SourceVersionDate "2016.12.12"]
[SourceQuality "1"]
[WhiteTeam "Pomgrad Radenska"]
[BlackTeam "Vrhnika"]
[WhiteTeamCountry "SLO"]
[BlackTeamCountry "SLO"]

1. e4 e6 2. d4 d5 3. exd5 exd5 4. c4 Nc6 5. Nc3 Nf6 6. Nf3 Bg4 7. Be3 Bb4 8. a3 Bxc3+ 9. bxc3 0-0 10. h3 Bh5 11. c5 b6 12. Qa4 Na5 13. Nd2 Re8 14. Bd3 Bg6 15. Be2 Ne4 16. Nxe4 Bxe4 17. 0-0 Qf6 18. Rfe1 Qg6 19. Bf1 c6 20. cxb6 axb6 21. Qb4 Nc4 22. Bf4 h6 23. Kh2 Bd3 24. Rxe8+ Rxe8 25. a4 Bxf1 26. Rxf1 Re2 27. Kg1 Qe4 28. Bc1 f5 29. Ba3 Ne3 30. Qf8+ Kh7 0-1

[Event "SLO-chT"]
[Site "Slovenia"]
[Date "2016.11.11"]
[Round "4.2"]
[White "Zajic, Milan"]
[Black "Gjuran, Denis"]
[Result "1/2-1/2"]
[WhiteElo "2486"]
[BlackElo "2361"]
[PlyCount "103"]
[EventDate "2016.10.14"]
[EventType "team-tourn"]
[EventRounds "9"]
[EventCountry "SLO"]
[SourceTitle "CBM 175 Extra"]
[Source "ChessBase"]
[SourceDate "2016.12.12"]
[SourceVersion "1"]
[SourceVersionDate "2016.12.12"]
[SourceQuality "1"]
[WhiteTeam "Maribor ZSK"]
[BlackTeam "Pomgrad Radenska"]
[WhiteTeamCountry "SLO"]
[BlackTeamCountry "SLO"]

1. e4 c5 2. Nf3 Nc6 3. d4 cxd4 4. Nxd4 g6 5. c4 Nf6 6. Nc3 d6 7. Be2 Nxd4 8. Qxd4 Bg7 9. Be3 0-0 10. Qd2 a5 11. 0-0 a4 12. Rad1 Qa5 13. Bd4 Bd7 14. Qe3 Bc6 15. e5 dxe5 16. Qxe5 Qxe5 17. Bxe5 Nd7 18. Bxg7 Kxg7 19. f3 Nc5 20. Kf2 e5 21. Rd2 Rfe8 22. Rfd1 Rac8 23. Bf1 Re7 24. Nd5 Ree8 25. Nc3 Re7 26. Rb1 Ra8 27. Re1 Rae8 28. Rd6 f5 29. Nd5 Re6 30. Rxe6 Rxe6 31. Nc3 Kf6 32. Rd1 Ke7 33. Be2 Kf6 34. Rd8 h5 35. Bd1 Ke7 36. Rd2 e4 37. fxe4 Nxe4+ 38. Nxe4 Rxe4 39. b3 axb3 40. axb3 Rf4+ 41. Bf3 g5 42. Ke3 Bxf3 43. g3 Re4+ 44. Kxf3 h4 45. Rd5 hxg3 46. hxg3 Kf6 47. Rb5 Re7 48. Rb6+ Ke5 49. g4 fxg4+ 50. Kxg4 Rg7 51. Rb5+ Kd4 52. Rb6 1/2-1/2

[Event "SLO-chT"]
[Site "Slovenia"]
[Date "2016.10.14"]
[Round "1"]
[White "Gjuran, Denis"]
[Black "Kastelic, Marian"]
[Result "0-1"]
[WhiteElo "2361"]
[BlackElo "2253"]
[PlyCount "45"]
[EventDate "2016.10.14"]
[EventType "team-tourn"]
[EventRounds "9"]
[EventCountry "SLO"]
[SourceTitle "EXT 2017"]
[Source "ChessBase"]
[SourceDate "2016.10.25"]
[SourceVersion "1"]
[SourceVersionDate "2016.10.25"]
[SourceQuality "1"]
[WhiteTeam "Pomgrad Radenska"]
[BlackTeam "Maribor Branik"]
[WhiteTeamCountry "SLO"]
[BlackTeamCountry "SLO"]

1. e4 e5 2. Nf3 Nc6 3. Bc4 Bc5 4. 0-0 Nf6 5. d3 a6 6. Bb3 d6 7. c3 Bg4 8. h3 Bh5 9. Re1 h6 10. Nbd2 Nh7 11. Bd5 Ng5 12. d4 exd4 13. Bxc6+ bxc6 14. cxd4 Bb4 15. Qa4 Nxf3+ 16. Nxf3 Bxe1 17. Qxc6+ Ke7 18. Nxe1 Qd7 19. Qc3 Rhb8 20. Be3 Rb7 21. Nd3 f6 22. Nb4 Be8 23. Nc6+ 0-1

[Event "Miercurea Ciuc Bancpost op 19th"]
[Site "Miercurea Ciuc"]
[Date "2016.08.15"]
[Round "2"]
[White "Gheng, Simona"]
[Black "Gjuran, Denis"]
[Result "0-1"]
[WhiteElo "2058"]
[BlackElo "2360"]
[PlyCount "122"]
[EventDate "2016.08.14"]
[EventType "swiss"]
[EventRounds "7"]
[EventCountry "ROU"]
[SourceTitle "EXT 2020"]
[Source "ChessBase"]
[SourceDate "2019.10.17"]
[SourceVersion "1"]
[SourceVersionDate "2019.10.17"]
[SourceQuality "1"]

1. e4 c5 2. c4 Nc6 3. Nc3 g6 4. g3 d6 5. Bg2 Bg7 6. Nge2 e6 7. 0-0 Nge7 8. d3 0-0 9. a3 b6 10. Rb1 Bb7 11. b4 Qd7 12. f4 f5 13. b5 Nd4 14. Bb2 Rfe8 15. Nxd4 Bxd4+ 16. Kh1 d5 17. Qc2 fxe4 18. dxe4 dxc4 19. Rfd1 e5 20. fxe5 Qe6 21. Nd5 Bxe5 22. Bxe5 Qxe5 23. Qxc4 Kh8 24. a4 Rad8 25. Nxe7 Qxe7 26. Qc3+ Kg8 27. Kg1 Qg7 28. Qxg7+ Kxg7 29. Kf2 Kf6 30. Ke3 Ke6 31. Rbc1 Ke5 32. a5 Bc8 33. axb6 axb6 34. Ra1 Bg4 35. Rxd8 Rxd8 36. Ra6 Rd6 37. Ra8 Bd7 38. Bf1 Rd4 39. Rb8 Rxe4+ 40. Kf2 c4 41. Rxb6 c3 42. Bd3 Rb4 43. Ke3 Rb2 44. Rb7 Kd6 45. b6 Rxh2 46. Rc7 Rb2 47. Rxc3 Rxb6 48. Rc4 Be6 49. Rh4 Rb7 50. Rh6 Ke5 51. Bxg6 hxg6 52. Rxg6 Rb3+ 53. Kf2 Bd5 54. Rg5+ Kd4 55. g4 Rf3+ 56. Ke2 Rg3 57. Kf2 Rg2+ 58. Kf1 Be4 59. Rg7 Ke3 60. Ra7 Rg3 61. Re7 Rh3 0-1